000 00697nam a2200265Ia 4500
005 20260302114415.0
008 008 260114s9999 xx 000 0 eng d
020 _a9781350053441
037 _aTextbook
040 _aCRL
040 _beng
040 _cCRL
041 _2eng
041 _aeng
084 _qCRL
100 _aUros Cvoro
_91118678
245 0 _aTransitional Aesthetics Contemporary Art at the Edge of Europe
260 _bBloomsbury
260 _bBloomsbury Academic
260 _c2018
650 _aPhilosophy
856 _uhttps://dx.doi.org/10.5040/9781350053441?locatt=label:secondary_bloomsburyCollections
942 _cEBOOK
999 _c1682435
_d1682435